000 00847nam a2200229Ia 4500
001 15813
003 GE_BSU
008 181216s||||||||xx |||||||||||||| ||und||
040 _cGE_BSU
080 _a82-93
100 _aჭიჭინაძე, ლავრენტი
245 _aორი ნაპირი
245 _bსაბავშვო მოთხრობები
245 _cწინასიტყვ.: გიორგი კაჭახიძე. რედ. მ.გვარამია. მხ.თ.მაცაბერიძე
260 _aთბილისი
260 _bნაკადული
260 _c1966
300 _a302გვ. : 1ფ. პორტრ. ; 21სმ
653 _aორი ნაპირი
653 _aსაბავშვო მოთხრობები
942 _cBK
999 _c48910
_d48910